000 01361nam a2200313 i 4500
001 000020197
003 DO-SdBNP
005 20240524145257.0
007 ta
008 100727s1960 dr 000 0 spa d
040 _aDO-SdBNP
_bspa
_cBNPHU
_erda
082 0 4 _a972.9304
_bU58c
_222
110 1 _aUnited States.
_bCommission of Inquiry to Santo Domingo.
_942792
245 1 0 _aInforme de la Comisión de Investigación de los E.U.A en Santo Domingo en 1871 /
_cPrefacio y notas de Emilio Rodríguez Demorizi.
264 _aCiudad Trujillo :
_bEditora Montalvo,
_c1960.
300 _a650 páginas :
_bfacsims ;
_c25 cm.
336 _2rdacontent
_atexto
_btxt
337 _2rdamedia
_asin mediación
_bn
490 0 _aAcademia Dominicana de la Historia;
_v9
500 _aBreve refutación del Informe de los comisionados de Santo Domingo por José Gabriel García.
500 _aIncluye índice de personas, lugares y materias
500 _aIncluye referencias bibliograficas y notas al pie de las páginas
590 _aInventariado, 2019/BT
650 4 _aRepública dominicana
_xHistoria
_y1865-1916
_938205
700 1 2 _aGarcía, José Gabriel.
_tBreve refutación del Informe de los comisionados de Santo Domingo.
_942793
700 1 2 _aRodríguez Demorizi, Emilio,
_d1908-1986
_91039
910 _aValidado. Control de calidad MFF
942 _2ddc
_cLBS1
999 _c19704
_d19704